R for Data Science Import, Tidy, Transform, Visualize, and Model Data
Salvato in:
| Autore principale: | |
|---|---|
| Altri autori: | |
| Natura: | Libro |
| Lingua: | inglese |
| Pubblicazione: |
Sebastopol
O'Reilly
2017
|
| Soggetti: | |
| Tags: |
Nessun Tag, puoi essere il primo ad aggiungerne!!
|
MARC
| LEADER | 00000nam a2200000 4500 | ||
|---|---|---|---|
| 001 | 0269803 | ||
| 005 | 20240221120108.5 | ||
| 020 | |a 978-1-491-91039-9 | ||
| 041 | 0 | |a eng | |
| 044 | |a US | ||
| 245 | 1 | 0 | |a R for Data Science |b Import, Tidy, Transform, Visualize, and Model Data |c Hadley Wickham and Garrett Grolemund |
| 264 | 1 | |a Sebastopol |b O'Reilly |c 2017 | |
| 300 | |a 492 s. | ||
| 610 | 2 | 0 | |a programovanie |
| 610 | 2 | 0 | |a jazyky programovacie |
| 610 | 2 | 0 | |a softvér |
| 610 | 2 | 0 | |a grafika počítačová |
| 610 | 2 | 0 | |a dáta |
| 610 | 2 | 0 | |a analýza dát |
| 610 | 2 | 0 | |a modelovanie |
| 100 | 1 | |a Wickham, Hadley | |
| 700 | 1 | |a Grolemund, Garrett | |